00429cam a2200169ua 45000010005000000080039000050400009000440410008000530820012000611000032000732450038001052500009001432600033001523000010001856530042001956530022002378485150202n ii |||gr||||Z||||||asm cMAIN aasm a491.451 aBoruak, Bhimkanta,eAuthor.10aAsamar bhasacby Bhimkanta Boruah a5th. aDibrugarh:bBanalata,c2010. a237p. aEast Indo-European & Celtic languages aAssamese language